[Event "Talca Bobby Fischer CC"]
[Site "Talca"]
[Date "2018.??.??"]
[Round "8.5"]
[White "Jorquera Alfaro, Mauricio"]
[Black "Caceres Vasquez, Sergio"]
[Result "1-0"]
[WhiteElo "2041"]
[BlackElo "2038"]
[PlyCount "83"]
[EventDate "2018.11.26"]
[EventType "tourn"]
[EventRounds "9"]
[EventCountry "CHI"]
[SourceTitle "EXT 2024"]
[Source "ChessBase"]
[SourceDate "2023.10.10"]
[SourceVersion "1"]
[SourceVersionDate "2023.10.10"]
[SourceQuality "1"]

1. c4 f5 2. g3 Nf6 3. Bg2 g6 4. b3 Bg7 5. Bb2 0-0 6. Nf3 d6 7. d4 a5 8. Nc3 Na6 9. 0-0 c6 10. a3 Qe8 11. d5 Bd7 12. Nd4 Nc7 13. b4 e5 14. Nb3 axb4 15. axb4 cxd5 16. Rxa8 Qxa8 17. Nxd5 Ncxd5 18. Bxd5+ Kh8 19. Na5 Bc8 20. Bg2 Qb8 21. c5 dxc5 22. bxc5 Qc7 23. Qa1 Ne4 24. Nc4 Re8 25. Bxe4 fxe4 26. Nd6 Rf8 27. Bxe5 Bxe5 28. Qxe5+ Kg8 29. Qd5+ Kg7 30. Qe5+ Kg8 31. Qd5+ Kg7 32. Nxc8 Qxc8 33. Qxe4 Qxc5 34. Qxb7+ Rf7 35. Qb2+ Kg8 36. Qb8+ Kg7 37. Qb2+ Kg8 38. e3 Qd5 39. Rc1 Rf8 40. Qd4 Qf3 41. e4 Qf7 42. Qc4 1-0

[Event "American Continental 08th"]
[Site "Mar del Plata"]
[Date "2012.10.19"]
[Round "9"]
[White "Jorquera Alfaro, Mauricio"]
[Black "Figar, Nicolas"]
[Result "1-0"]
[WhiteElo "2036"]
[BlackElo "1802"]
[PlyCount "83"]
[EventDate "2012.10.12"]
[EventType "swiss"]
[EventRounds "11"]
[EventCountry "ARG"]
[SourceTitle "EXT 2013"]
[Source "ChessBase"]
[SourceDate "2012.11.22"]
[SourceVersion "1"]
[SourceVersionDate "2012.11.22"]
[SourceQuality "1"]

1. d4 Nf6 2. c4 g6 3. Nc3 Bg7 4. e4 d6 5. Be2 0-0 6. Nf3 e5 7. 0-0 Nc6 8. d5 Ne7 9. Ne1 Nd7 10. Be3 f5 11. f3 f4 12. Bf2 g5 13. Rc1 Ng6 14. Nd3 Nf6 15. c5 Rf7 16. cxd6 cxd6 17. Qc2 g4 18. Nb5 gxf3 19. Bxf3 Ne8 20. Nxa7 Bd7 21. a4 Nh4 22. Bh5 Rf8 23. Nb5 Nxg2 24. Bf3 Nh4 25. Bxh4 Qxh4 26. b3 Rf6 27. Qf2 Rg6+ 28. Kh1 Qd8 29. Bh5 Bxb5 30. axb5 Rh6 31. Bg4 Nc7 32. b6 Nb5 33. Be6+ Kh8 34. Rg1 Qh4 35. Qxh4 Rxh4 36. Rc7 Bf6 37. Rxb7 Nd4 38. Ra7 Rb8 39. b7 Nxe6 40. Ra8 Nd8 41. Rxb8 Rh3 42. Rxd8+ 1-0

[Event "American Continental 08th"]
[Site "Mar del Plata"]
[Date "2012.10.17"]
[Round "7"]
[White "Jorquera Alfaro, Mauricio"]
[Black "Zuriel, Marisa"]
[Result "0-1"]
[WhiteElo "2036"]
[BlackElo "2217"]
[PlyCount "142"]
[EventDate "2012.10.12"]
[EventType "swiss"]
[EventRounds "11"]
[EventCountry "ARG"]
[SourceTitle "EXT 2013"]
[Source "ChessBase"]
[SourceDate "2012.11.22"]
[SourceVersion "1"]
[SourceVersionDate "2012.11.22"]
[SourceQuality "1"]

1. d4 Nf6 2. c4 c5 3. d5 b5 4. cxb5 a6 5. bxa6 g6 6. Nf3 Bxa6 7. g3 Bg7 8. Bg2 d6 9. 0-0 0-0 10. Nc3 Nbd7 11. Rb1 Qa5 12. Qc2 Rfb8 13. Rd1 Ne8 14. Bd2 Nc7 15. a4 Qb6 16. b3 Bb7 17. e4 Na6 18. Nb5 Rc8 19. Bh3 Qd8 20. Rdc1 Rcb8 21. Qd3 Bc8 22. Bc3 Bxc3 23. Qxc3 Nb4 24. Qe3 Nf6 25. Bxc8 Qxc8 26. Kg2 Kg7 27. h3 Qd7 28. Rc4 Re8 29. Rd1 Qb7 30. Ne1 h6 31. Kh2 Kh7 32. Nd3 Nxd3 33. Qxd3 Nd7 34. f4 Nb6 35. Rc2 c4 36. bxc4 Nxa4 37. e5 Nc5 38. Qf3 Qd7 39. Re1 Rf8 40. exd6 exd6 41. Rce2 Kg8 42. f5 Rad8 43. f6 Kh7 44. Re7 Qf5 45. Qxf5 gxf5 46. Rf1 Kg6 47. Nd4 Ra8 48. Re2 Ra4 49. Nxf5 Rxc4 50. Nxd6 Rd4 51. Nf5 Rd3 52. Ne7+ Kh7 53. Rff2 Re8 54. Re5 Nd7 55. Ref5 Ra8 56. R5f3 Rd1 57. Re3 Raa1 58. g4 Rh1+ 59. Kg3 Rhg1+ 60. Kf4 Ra6 61. Nc6 Ra4+ 62. Re4 Ra3 63. h4 Nxf6 64. Re7 Nxd5+ 65. Ke5 Nxe7 66. Nxe7 Re3+ 67. Kd6 Rd1+ 68. Nd5 Kg7 69. g5 hxg5 70. hxg5 Re6+ 71. Kc5 Re5 0-1

[Event "American Continental 08th"]
[Site "Mar del Plata"]
[Date "2012.10.12"]
[Round "1"]
[White "Jorquera Alfaro, Mauricio"]
[Black "Roselli Mailhe, Bernardo"]
[Result "1/2-1/2"]
[WhiteElo "2036"]
[BlackElo "2430"]
[PlyCount "84"]
[EventDate "2012.10.12"]
[EventType "swiss"]
[EventRounds "11"]
[EventCountry "ARG"]
[SourceTitle "EXT 2013"]
[Source "ChessBase"]
[SourceDate "2012.11.22"]
[SourceVersion "1"]
[SourceVersionDate "2012.11.22"]
[SourceQuality "1"]

1. d4 Nf6 2. c4 g6 3. Nc3 Bg7 4. e4 d6 5. Nf3 0-0 6. Be2 e5 7. 0-0 Nc6 8. d5 Ne7 9. Ne1 Ne8 10. Be3 f5 11. f3 f4 12. Bf2 h5 13. Rc1 g5 14. c5 Kh8 15. cxd6 cxd6 16. Qc2 Ng8 17. Nb5 Bd7 18. Qb3 g4 19. a4 a6 20. Na3 Qg5 21. Kh1 Rc8 22. Rxc8 Bxc8 23. Nc4 Nh6 24. Nb6 Qd8 25. Nxc8 Qxc8 26. Nd3 Nf7 27. Rc1 Qd7 28. Qc4 gxf3 29. Bxf3 Ng5 30. Ne1 Nf6 31. Bh4 Bh6 32. Bxg5 Bxg5 33. b3 Kg7 34. Qc7 Rf7 35. Qxd7 Rxd7 36. h3 Re7 37. Rc4 Kg6 38. a5 Rh7 39. Kg1 Ne8 40. Nc2 Bd8 41. Rc8 Rd7 42. b4 Nf6 1/2-1/2